Normal view
MARC view
Entry Personal Name
001 - CONTROL NUMBER
- control field: 60496
003 - CONTROL NUMBER IDENTIFIER
- control field: dpl
005 - DATE AND TIME OF LATEST TRANSACTION
- control field: 20240101120149.0
008 - FIXED-LENGTH DATA ELEMENTS
- fixed length control field: 240101|| aca||aabn | a|a d
040 ## - CATALOGING SOURCE
- Original cataloging agency: dpl
- Transcribing agency: dpl
100 ## - HEADING--PERSONAL NAME
- Personal name: Devi,Sunita
670 ## - SOURCE DATA FOUND
- Source citation: Work cat.: (dpl)198149: Devi,Sunita, A Textbook of Applied Psychology/, 2023
